[Event "Titled Tuesday intern op 18th Jul Late"]
[Site "Chess.com INT"]
[Date "2023.07.18"]
[Round "1"]
[White "Morefield, Jason P"]
[Black "Goncalves, Davi Sulzbacher"]
[Result "1-0"]
[WhiteElo "2226"]
[BlackElo "2282"]
[PlyCount "101"]
[EventDate "2023.07.18"]
[EventType "swiss (blitz)"]
[EventRounds "11"]
[EventCountry "USA"]
[SourceTitle "EXT 2024"]
[Source "ChessBase"]
[SourceDate "2023.10.10"]
[SourceVersion "1"]
[SourceVersionDate "2023.10.10"]
[SourceQuality "1"]

1. a3 d5 2. Nf3 Nf6 3. g3 c5 4. Bg2 Nc6 5. 0-0 e5 6. d3 Be7 7. e4 d4 8. Nbd2 Bg4 9. h3 Bh5 10. Qe1 Nd7 11. Nh2 0-0 12. Kh1 b5 13. Rg1 Rc8 14. f4 f6 15. g4 Bf7 16. f5 c4 17. Ndf3 Nc5 18. Bf1 cxd3 19. cxd3 Nb3 20. Rb1 Nxc1 21. Rxc1 Qd6 22. h4 Kh8 23. g5 a5 24. Be2 b4 25. a4 Bb3 26. Bd1 Bg8 27. Qd2 Na7 28. Rxc8 Rxc8 29. Ng4 Rc7 30. gxf6 Bxf6 31. Qh2 Nc6 32. Nd2 Qe7 33. Bb3 Bxb3 34. Nxb3 Bxh4 35. Rc1 Bg5 36. Rc5 Bf4 37. Qh5 Rc8 38. Kg2 Na7 39. Rxc8+ Nxc8 40. Nxa5 Nd6 41. b3 Qc7 42. Nc4 h6 43. Nxd6 Qxd6 44. Qe8+ Kh7 45. Qc8 h5 46. Nf2 Qh6 47. Nh3 Bc1 48. Qc2 Qe3 49. Ng1 Bd2 50. Qd1 Be1 51. Qxh5+ 1-0